El Proceso político a mediados de marzo
Salvato in:
| Natura: | testo |
|---|---|
| Soggetti: | |
| Tags: |
Aggiungi Tag
Nessun Tag, puoi essere il primo ad aggiungerne!!
|
MARC
| LEADER | 00000 a a2200000 04500 | ||
|---|---|---|---|
| 001 | 5763 | ||
| 003 | |||
| 040 | |||
| 245 | |a El Proceso político a mediados de marzo | ||
| 650 | |a ASPECTOS POLITICOS | ||
| 650 | |a TIERRA | ||
| 650 | |a MILITARISMO | ||
| 650 | |a CONFLICTOS SOCIALES | ||
| 650 | |a ORGANIZACIONES NO GUBERNAMENTALES | ||
| 773 | |g volumen 12, número 510; páginas 4-8 | ||
| 999 | |c 40136 |d 40136 | ||
